000 00469nam a2200181Ia 4500
005 20250508153102.0
008 008 250505s9999 xx 000 0 eng d
037 _aTextual
040 _aFEDL
_beng
_cFEDL
041 _aeng
_2eng
084 _a491.2, BUR
_qFEDL
100 _aBurrow T
245 0 _aSanskrit language
260 _aLondon, UK
_bFaber and Faber Limited
300 _a426p.
942 _cTEXL
_h491.2, BUR
999 _c1340613
_d1340613